000 00650nam a2200193Ia 4500
003 OSt
005 20220107122709.0
008 130320s9999 xx 000 0 und d
040 _cIIITMK
100 _aSuresh Kumar B
_911051
245 _aMEDOFF:e-office in Medical College
300 _aPGDEG
502 _bPGDeG
_c2009-2010
_dINT
_eMeraj Uddin M.D
_fPrakasam R (Institute of Management in Government, Thiruvananthapuram)
_gInstitute of Management in Government, Thiruvananthapuram
650 _aMEDICAL COLLEGE
_911052
650 _aE-OFFICE
_911053
700 _aAnjana Janardhanan
_911054
700 _aRajesh Kumar N
_911055
942 _2ddc
_cPR
999 _c2843
_d2843